000 00584nam a2200193 i 4500
001 58497
003 ES-MaACL
005 20251013180123.0
007 t|
008 031022s1914 fr ||||1| fre d
100 1 _aDuret, Theodorè.
_946293
245 1 0 _aHistoire de J. Mc N. Whistler et de son oeuvre /
_cpar Théodore Duret.
250 _aNouvelle édition.
260 _aParis :
_bH. Floury,
_c1914 (
_fPaul Dupont)
300 _a155 p. :
_bil. ;
_c24 cm.
600 1 7 _aWhistler, James McNeill,
_d1834-1903
_2
_9167349
852 _aES-MaACL
_jC-1526
999 _c58497
_d58497